000 00816nam a2200205 i 4500
001 184974
003 ES-MaACL
005 20230906222325.0
008 160301s1977 sp |||| | spa d
080 _a632.38(460)
110 2 _aInstituto Nacional de Investigaciones Agrarias (España)
_95168
245 1 0 _aCatálogo de virus y microorganismos del tipo Microplasma y Rickettsia identificados en plantas cultivadas en España /
_cMinisterio de Agricultura, Instituto Nacional de Investigaciones Agrarias.
260 _aMadrid :
_bI.N.I.A.,
_c1977.
300 _a119 p. :
_bil. ;
_c21 cm.
490 1 _aColección Catálogos I.N.I.A. ;
_v7
650 4 _aPlagas del campo-
_zEspaña.
_9158906
830 0 _aColección Catálogos I.N.I.A. ;
_v7
_9233539
852 _aES-MaACL
_jA-8890
999 _c184974
_d184974